Acoustics.

Bibliographic Details
Main Author: Hunter, Joseph Lawrence
Format: Book
Language:English
Published: Englewood Cliffs, N. J. : Prentice-Hall, 1957.
Subjects:

MARC

Tag First Indicator Second Indicator Subfields
LEADER 00000cam a2200000 4500
001 in00000045979
005 20151007065248.0
008 750822s1957 nju 00000 eng
010 |a  57008466  
035 |a (OCoLC)01563878 
035 |9 AAE1630AM 
040 |a DLC  |c FBA  |d TXA  |d UtOrBLW 
049 |a TXAM  |c [284165] 
050 0 0 |a QC225  |b .H78 
082 0 |a 534 
092 |a 534  |b H945a 
100 1 |a Hunter, Joseph Lawrence. 
245 1 0 |a Acoustics. 
264 1 |a Englewood Cliffs, N. J. :  |b Prentice-Hall,  |c 1957. 
300 |a 407 pages :  |b illustrations ;  |c 24 cm. 
336 |a text  |b txt  |2 rdacontent 
337 |a unmediated  |b n  |2 rdamedia 
338 |a volume  |b nc  |2 rdacarrier 
650 0 |a Sound. 
650 0 |a Acoustical engineering. 
999 |a MARS 
999 f f |s 4a6e5bea-68fb-3344-a4d3-93521f42e92c  |i 8c16b26d-b302-3d58-9f93-e25caba81e5d  |t 0 
952 f f |p ric  |a Texas A&M University  |b Rellis Campus  |c Joint Library Facility  |d Remote Storage  |t 0  |e QC225 .H78  |h Library of Congress classification  |i unmediated -- volume  |m A14800915707 
998 f f |a QC225 .H78  |t 0  |l Remote Storage